000 00611nam a22001817a 4500
005 20231115140221.0
008 231115b |||||||| |||| 00| 0 eng d
020 _a9991675140
041 _aEnglish
082 _a344.1 IMP
100 _lEnglish
245 _aImplementing Affirmative Action in Namibia :
_bA Summarised guide to the Affirmative Action (Employment) Act (Act 29 of 1998)
250 _a3rd Edition
260 _aWindhoek :
_bNamibia Institute for Democracy,
_c2000
300 _biii, 53 pages ;
_c22 cm.
650 _aLegal practice
_bLaw
942 _cBK
_6ALISON_BN_VRIES
999 _c689
_d689